000 00766nam a2200253Ia 4500
001 21912
005 20260320113324.0
008 260320s9999||||xx |||||||||||||| ||und||
041 _aESP
082 _aHR 616.89 V. 6 N° 3 2003
_bAJP
100 _a
_e
110 _aAmerican Psychiatric Association
245 4 _aThe American Journal of Psychiatry
_b
246 _a
_5
_b
260 _aMadrid :
_bAmerican Psychiatric Association
_c2003
300 _a196 páginas :
_btablas ;
_c28 cm.
_e
440 _a
_n
_v
650 _aMED
653 _aTranstornos mentales
654 _aCCS
700 _a
_c
856 _uhttps://accessmedicina-mhmedical-com.ucsp.lookproxy.com/
_zVéase además: Base de datos McGraw Hill Access Medicina
942 _cREV
_dJUS
_fMIP
_2ddc
_n
999 _c21912
_d21912